Joueurs de l'équipe de France avec le plus de sélections - Statistiques

Statistiques générales
  • Ce quiz a été pris 332 fois
  • Le résultat moyen est 10 sur 15
Statistiques - réponses
Hint Réponse % Correct
132 Olivier Giroud
94%
128 Antoine Griezmann
93%
145 Hugo Lloris
93%
108 Zinedine Zidane
90%
123 Thierry Henry
87%
142 Lilian Thuram
73%
91 Paul Pogba
72%
93 Raphael Varane
72%
103 Didier Deschamps
65%
97 Laurent Blanc
59%
97 Karim Benzema
52%
116 Marcel Desailly
51%
97 Bixente Lizarazu
47%
107 Patrick Vieira
45%
92 Sylvain Wiltord
11%
Aucun quiz correspondant
Distribution des résultats
% des personnes avec chaque résultat
Percentile par nombre de réponses
Votre historique - résultats
Vous n’avez pas pris ce quiz